00781cam6a220024100 4500001001200000005001700012008004100029010001900070035002000089035002200109035002200131040000900153050001800162082001000180100003500190245006700225260004500292500009800337504004100435650002000476650003600496004000700532qce0041428120190815102538.0750416s1962 nyu b 000 0 eng  a 62004213 /L a(Sirsi) r119642 a(QCAT)lss00800288 a(UPRA)qce00414281 dUPRA0 aHG221b.C7417 a332.41 aCorry, B. Alexander.6A85247.110aMoney, saving, and investment in English economics, 1800-1850. a[New York] :bSt. Martin's Press,c1962. a"Restatement of a thesis accepted by the University of London for the Ph. D. degree in 1958." aIncludes bibliographical references. 0aMoney.6S2678.1 0aSaving and investment.6S2706.1119642